Statistics for 人口増減率の高い市町村Top20

Click here to take the quiz!

General Stats

  • This quiz has been taken 24 times
  • The average score is 11 of 20

Answer Stats

順位市町村名都道府県人口増減率% Correct
5流山市千葉県199,84914.6
85%
3楢葉町福島県3,710280.5
70%
9印西市千葉県102,60910.7
70%
7中城村沖縄県22,15713.9
65%
16開成町神奈川県18,3297.7
65%
1飯舘村福島県1,3183,114.60
60%
4広野町福島県5,41225.3
60%
8北中城村沖縄県17,96911.3
60%
13占冠村北海道1,3067.8
55%
17八潮市埼玉県93,3637.7
55%
14南風原町沖縄県40,4407.8
55%
19昭和町山梨県20,9097.2
50%
11新宮町福岡県32,9278.5
50%
2葛尾村福島県4202,233.30
50%
10久山町福岡県9,06810.2
50%
6福津市福岡県67,03314
50%
20与那原町沖縄県19,6957
35%
15苅田町福岡県37,6847.8
30%
18幸田町愛知県42,4497.3
30%
12滑川町埼玉県19,7328.3
20%

Score Distribution

Percentile by Number Answered

Percent of People with Each Score

Your Score History

You have not taken this quiz